[Event "Oberliga Ost-A 0910"]
[Site "Germany"]
[Date "2010.04.11"]
[Round "11.7"]
[White "Harzer, Paul"]
[Black "Nerlich, Vincent"]
[Result "1/2-1/2"]
[WhiteElo "2136"]
[BlackElo "1904"]
[PlyCount "40"]
[EventDate "2009.10.18"]
[EventType "team-tourn"]
[EventRounds "11"]
[EventCountry "GER"]
[SourceTitle "EXT 2011"]
[Source "ChessBase"]
[SourceDate "2010.11.26"]
[SourceVersion "1"]
[SourceVersionDate "2010.11.26"]
[SourceQuality "1"]
[WhiteTeam "Magdeburg Rochade"]
[BlackTeam "Leipzig VfB"]
[WhiteTeamCountry "GER"]
[BlackTeamCountry "GER"]

1. f4 d5 2. e3 Nf6 3. Nf3 c5 4. Bb5+ Nc6 5. d3 a6 6. Bxc6+ bxc6 7. Ne5 Qc7 8. b3 e6 9. Bb2 Be7 10. 0-0 0-0 11. Nd2 a5 12. a4 Ba6 13. Rf3 Rfd8 14. Qe1 d4 15. e4 Bd6 16. Ndc4 Bxc4 17. Nxc4 Bxf4 18. Qh4 g5 19. Qh6 Ng4 20. Qh5 Nf6 1/2-1/2

[Event "Oberliga Ost-A 0809"]
[Site "Germany"]
[Date "2008.11.29"]
[Round "2.8"]
[White "Harzer, Paul"]
[Black "Schaefer, Reyk"]
[Result "1/2-1/2"]
[WhiteElo "2143"]
[BlackElo "2164"]
[PlyCount "83"]
[EventDate "2008.10.12"]
[EventType "team-tourn"]
[EventRounds "11"]
[EventCountry "GER"]
[SourceTitle "EXT 2010"]
[Source "ChessBase"]
[SourceDate "2010.11.25"]
[SourceVersion "1"]
[SourceVersionDate "2010.11.25"]
[SourceQuality "1"]
[WhiteTeam "Magdeburg Rochade"]
[BlackTeam "Loeberitz"]
[WhiteTeamCountry "GER"]
[BlackTeamCountry "GER"]

1. f4 d5 2. e3 Nf6 3. Nf3 Bg4 4. Be2 Bxf3 5. Bxf3 c6 6. b3 Nbd7 7. Bb2 Qc7 8. d4 e6 9. Nd2 Bd6 10. Qe2 a6 11. c4 c5 12. Rc1 Qb6 13. 0-0 0-0 14. Kh1 cxd4 15. Bxd4 Bc5 16. Bxc5 Nxc5 17. Rfd1 Rad8 18. g3 h6 19. e4 Nd3 20. Qxd3 dxe4 21. Qe2 exf3 22. Qxf3 Qa5 23. Ne4 Nxe4 24. Qxe4 Rd2 25. Rxd2 Qxd2 26. Rc2 Qd1+ 27. Kg2 Rd8 28. Qe2 Qd4 29. Kf3 Qd6 30. Kg2 Qb4 31. Qe3 Rd1 32. c5 Qb5 33. Qe2 Qc6+ 34. Kh3 Qd5 35. b4 Qf5+ 36. Kg2 Qd5+ 37. Kh3 h5 38. a4 Qf5+ 39. Kg2 Qd5+ 40. Kh3 Qf5+ 41. Kg2 Qd5+ 42. Kh3 1/2-1/2

[Event "EU-chT Seniors 10th"]
[Site "Dresden"]
[Date "2008.02.19"]
[Round "9.2"]
[White "Wicklund Hansen, Richard"]
[Black "Harzer, Paul"]
[Result "0-1"]
[WhiteElo "1886"]
[BlackElo "2168"]
[PlyCount "88"]
[EventDate "2008.02.11"]
[EventType "team-swiss"]
[EventRounds "9"]
[EventCountry "GER"]
[SourceTitle "CBM 122 Extra"]
[Source "ChessBase"]
[SourceDate "2008.03.04"]
[SourceVersion "1"]
[SourceVersionDate "2008.03.04"]
[SourceQuality "1"]
[WhiteTeam "Norway IV"]
[BlackTeam "Berlin BSW"]
[WhiteTeamCountry "NOR"]
[BlackTeamCountry "GER"]

1. d4 f5 2. c4 Nf6 3. g3 e6 4. Nf3 d6 5. Bg2 Be7 6. 0-0 0-0 7. Nc3 a5 8. Qc2 Nc6 9. a3 e5 10. d5 Nb8 11. e4 Na6 12. exf5 Ng4 13. h3 Bxf5 14. Qe2 Nf6 15. Be3 b6 16. Ng5 Nc5 17. Bxc5 bxc5 18. Nge4 Nxe4 19. Bxe4 Qd7 20. Kh2 Rf7 21. Bxf5 Qxf5 22. Qe4 Rb8 23. Qxf5 Rxf5 24. Kg2 Rxb2 25. Rab1 Rc2 26. Nb5 Rxc4 27. Nxc7 Rc2 28. Rb5 e4 29. Kg1 Bf6 30. Ne6 Rxd5 31. Rb8+ Kf7 32. Nf4 Rdd2 33. Rfb1 Rb2 34. Rb7+ Ke8 35. R1xb2 Rxb2 36. Ra7 c4 37. Rxa5 c3 38. Ra8+ Kd7 39. Ra7+ Kc6 40. Ne6 Kb6 41. Rc7 Bd4 42. Rc4 Bxf2+ 43. Kg2 Be3+ 44. Kf1 c2 0-1

[Event "EU-chT Seniors 10th"]
[Site "Dresden"]
[Date "2008.02.18"]
[Round "8.2"]
[White "Harzer, Paul"]
[Black "Troeger, Rainer"]
[Result "0-1"]
[WhiteElo "2168"]
[BlackElo "2203"]
[PlyCount "76"]
[EventDate "2008.02.11"]
[EventType "team-swiss"]
[EventRounds "9"]
[EventCountry "GER"]
[SourceTitle "CBM 122 Extra"]
[Source "ChessBase"]
[SourceDate "2008.03.04"]
[SourceVersion "1"]
[SourceVersionDate "2008.03.04"]
[SourceQuality "1"]
[WhiteTeam "Berlin BSW"]
[BlackTeam "Brandenburg"]
[WhiteTeamCountry "GER"]
[BlackTeamCountry "GER"]

1. d4 g6 2. Nf3 Bg7 3. Bf4 c5 4. e3 Qb6 5. Nc3 cxd4 6. exd4 Nc6 7. Bc4 Nf6 8. Qd2 d6 9. 0-0-0 a6 10. Bh6 Bxh6 11. Qxh6 Na5 12. Bb3 Nxb3+ 13. axb3 Bg4 14. Rhe1 Bxf3 15. gxf3 d5 16. Re5 Rd8 17. Qg5 h6 18. Qe3 Rd7 19. Re1 Qd6 20. Qf4 Kf8 21. Qh4 Kg7 22. f4 e6 23. Rg1 b5 24. f5 exf5 25. Rxf5 Rc8 26. Rg3 Rc6 27. Rh3 h5 28. Re5 Rdc7 29. Re2 Ng4 30. f3 Nh6 31. Rg2 b4 32. Qxh5 Qf4+ 33. Kb1 bxc3 34. Rg5 Ng8 35. Qh8+ Kf8 36. Rxd5 cxb2 37. Kxb2 Rxc2+ 38. Ka3 Qc1+ 0-1

[Event "EU-chT Seniors 10th"]
[Site "Dresden"]
[Date "2008.02.14"]
[Round "4.2"]
[White "Harzer, Paul"]
[Black "Scholes, James Edward"]
[Result "1/2-1/2"]
[WhiteElo "2168"]
[BlackElo "2152"]
[PlyCount "45"]
[EventDate "2008.02.11"]
[EventType "team-swiss"]
[EventRounds "9"]
[EventCountry "GER"]
[SourceTitle "CBM 122 Extra"]
[Source "ChessBase"]
[SourceDate "2008.03.04"]
[SourceVersion "1"]
[SourceVersionDate "2008.03.04"]
[SourceQuality "1"]
[WhiteTeam "Berlin BSW"]
[BlackTeam "England"]
[WhiteTeamCountry "GER"]
[BlackTeamCountry "ENG"]

1. d4 Nf6 2. Nf3 d6 3. Bf4 g6 4. Nbd2 Bg7 5. e3 0-0 6. Bd3 Nc6 7. h3 Nd5 8. Bh2 e5 9. dxe5 dxe5 10. 0-0 Qe7 11. c3 Nb6 12. a4 Rd8 13. Qc2 Nd5 14. Be2 a5 15. Rfe1 Nb6 16. Nc4 Nxc4 17. Bxc4 Re8 18. Qb3 Rb8 19. Rad1 Bf6 20. Rd2 Kg7 21. Red1 h5 22. Bd5 Nd8 23. Bc4 1/2-1/2

[Event "EU-chT Seniors 09th"]
[Site "Dresden"]
[Date "2007.02.23"]
[Round "8"]
[White "Mueller, Siegmar"]
[Black "Harzer, Paul"]
[Result "1/2-1/2"]
[WhiteElo "2035"]
[BlackElo "2162"]
[PlyCount "33"]
[EventDate "2007.02.16"]
[EventType "team-swiss"]
[EventRounds "9"]
[EventCountry "GER"]
[SourceTitle "CBM 117 Extra"]
[Source "ChessBase"]
[SourceDate "2007.05.09"]
[SourceVersion "1"]
[SourceVersionDate "2007.05.09"]
[SourceQuality "1"]

1. Nc3 d5 2. e4 dxe4 3. Nxe4 Bf5 4. Ng3 Bg6 5. d4 e6 6. Nf3 Nd7 7. Bd3 Bxd3 8. Qxd3 c6 9. 0-0 Ngf6 10. Bg5 Be7 11. Rfe1 0-0 12. Rad1 Re8 13. c4 h6 14. Bxf6 Nxf6 15. Re2 Qc7 16. Ne5 Rad8 17. Qc2 1/2-1/2

[Event "EU-chT Seniors 08th"]
[Site "Dresden"]
[Date "2006.02.18"]
[Round "2"]
[White "Scholze, Roland"]
[Black "Harzer, Paul"]
[Result "0-1"]
[WhiteElo "2050"]
[BlackElo "2125"]
[PlyCount "108"]
[EventDate "2006.02.17"]
[EventType "team-swiss"]
[EventRounds "8"]
[EventCountry "GER"]
[SourceTitle "CBM 111 Extra"]
[Source "ChessBase"]
[SourceDate "2006.05.09"]
[SourceVersion "1"]
[SourceVersionDate "2006.05.09"]
[SourceQuality "1"]
[WhiteTeam "DBAG/BSW II"]
[BlackTeam "DBAG/BSW"]
[WhiteTeamCountry "GER"]
[BlackTeamCountry "GER"]

1. e4 d5 2. exd5 Nf6 3. Nc3 Nxd5 4. Nxd5 Qxd5 5. Nf3 Bg4 6. Be2 Nc6 7. h3 Bh5 8. c3 0-0-0 9. d4 e5 10. 0-0 exd4 11. cxd4 Nxd4 12. Nxd4 Bxe2 13. Qxe2 Qxd4 14. Be3 Qe5 15. Rac1 Bd6 16. f4 Qe6 17. Rfe1 Rhe8 18. Qf2 a6 19. Bc5 Qf6 20. Rxe8 Rxe8 21. Bxd6 Qxd6 22. Qa7 c6 23. Qf2 Qe6 24. Kh1 Qe3 25. Qf1 Qe2 26. Qg1 Kc7 27. Qd4 Qe3 28. Qc4 Qe6 29. Qc3 g6 30. Rd1 Qe3 31. Qa5+ Kc8 32. Qb4 Qe7 33. Qc3 h5 34. b4 Qe3 35. Qf6 Qe6 36. Qc3 Qxa2 37. Ra1 Qd5 38. Qc2 Re3 39. Kh2 Qe4 40. Qf2 Re2 41. Qg3 Re3 42. Qg5 Qe7 43. Qh6 Rd3 44. b5 axb5 45. Qh8+ Kc7 46. Ra7 Qd6 47. Qh6 Rd4 48. Kg3 Qf6 49. Ra8 h4+ 50. Kf3 Rd3+ 51. Ke2 Qc3 52. Kf2 Qd2+ 53. Kf1 Qd1+ 54. Kf2 Rd2+ 0-1

[Event "EU-chT Seniors 07th"]
[Site "Dresden"]
[Date "2005.02.25"]
[Round "8"]
[White "Harzer, Paul"]
[Black "Reuben, Stewart"]
[Result "1/2-1/2"]
[WhiteElo "2123"]
[BlackElo "2147"]
[PlyCount "30"]
[EventDate "2005.02.18"]
[EventType "team-swiss"]
[EventRounds "8"]
[EventCountry "GER"]
[SourceTitle "EXT 2006"]
[Source "ChessBase"]
[SourceDate "2005.11.24"]
[SourceVersion "1"]
[SourceVersionDate "2005.11.24"]
[SourceQuality "1"]

1. d4 d5 2. e3 g6 3. Bd3 Bg7 4. f4 Nh6 5. Nf3 Bf5 6. 0-0 e6 7. Be2 Bg4 8. Qe1 Nd7 9. Nbd2 Nf5 10. Bd3 Nd6 11. c3 0-0 12. e4 dxe4 13. Nxe4 Bf5 14. Ne5 Nxe5 15. fxe5 Nxe4 1/2-1/2

[Event "Bahn-chM"]
[Site "Winterberg"]
[Date "2004.09.29"]
[Round "5"]
[White "Just, Wolfgang"]
[Black "Harzer, Paul"]
[Result "1/2-1/2"]
[WhiteElo "1999"]
[BlackElo "2024"]
[PlyCount "81"]
[EventDate "2004.09.26"]
[EventType "swiss"]
[EventRounds "7"]
[EventCountry "GER"]
[SourceTitle "EXT 2013"]
[Source "ChessBase"]
[SourceDate "2012.11.22"]
[SourceVersion "1"]
[SourceVersionDate "2012.11.22"]
[SourceQuality "1"]

1. e4 d5 2. exd5 Nf6 3. Nf3 Qxd5 4. Nc3 Qa5 5. Bc4 Bg4 6. 0-0 e6 7. d4 c6 8. Qd3 Nbd7 9. Ng5 Be7 10. Bd2 Qf5 11. Qe3 Nd5 12. Nxd5 cxd5 13. Bb5 Bxg5 14. Qxg5 Qxg5 15. Bxg5 h6 16. Bd2 Bf5 17. Rfe1 a6 18. Ba4 b5 19. Bb3 Nb6 20. Bb4 Kd7 21. f3 a5 22. Bc5 Nc4 23. g4 Bg6 24. Bxc4 bxc4 25. Re2 Rab8 26. Ba3 h5 27. g5 Bf5 28. Rae1 h4 29. Kf2 Rh5 30. Rg1 h3 31. b3 cxb3 32. axb3 a4 33. bxa4 Ra8 34. c3 Rxa4 35. Bf8 Rc4 36. Re3 Rh8 37. Bxg7 Ra8 38. Rc1 Ra2+ 39. Re2 Ra3 40. Re3 Ra2+ 41. Re2 1/2-1/2

[Event "Bahn-chM"]
[Site "Winterberg"]
[Date "2004.09.28"]
[Round "3"]
[White "Wallrabenstein, Udo"]
[Black "Harzer, Paul"]
[Result "0-1"]
[WhiteElo "2003"]
[BlackElo "2024"]
[PlyCount "80"]
[EventDate "2004.09.26"]
[EventType "swiss"]
[EventRounds "7"]
[EventCountry "GER"]
[SourceTitle "EXT 2013"]
[Source "ChessBase"]
[SourceDate "2012.11.22"]
[SourceVersion "1"]
[SourceVersionDate "2012.11.22"]
[SourceQuality "1"]

1. c4 f5 2. Nc3 Nf6 3. g3 e6 4. Bg2 Be7 5. Nf3 0-0 6. 0-0 d6 7. b3 Qe8 8. Bb2 Qh5 9. d3 Nc6 10. Nb5 Bd8 11. Nbd4 Bd7 12. Qd2 e5 13. Nxc6 bxc6 14. c5 e4 15. Nd4 d5 16. Bc1 Ng4 17. h3 Ne5 18. f4 exf3 19. exf3 Bf6 20. Bb2 f4 21. g4 Qg6 22. Rad1 Rae8 23. Ne2 Bg5 24. d4 Nf7 25. Nc1 h5 26. Rde1 hxg4 27. hxg4 Bxg4 28. fxg4 f3 29. Qd3 f2+ 30. Kh2 Bf4+ 31. Kh1 Qh6+ 32. Bh3 fxe1Q 33. Rxe1 Rxe1+ 34. Kg2 Bxc1 35. Bxc1 Qxc1 36. Qg6 Rg1+ 37. Kh2 Rh1+ 38. Kg3 Rxh3+ 39. Kxh3 Qh6+ 40. Qxh6 Nxh6 0-1

[Event "EU-chT Seniors 06th"]
[Site "Dresden"]
[Date "2004.02.28"]
[Round "7.3"]
[White "Rost van Tonningen, Otto"]
[Black "Harzer, Paul"]
[Result "1/2-1/2"]
[WhiteElo "2219"]
[BlackElo "2118"]
[PlyCount "44"]
[EventDate "2004.02.22"]
[EventType "team-swiss"]
[EventRounds "7"]
[EventCountry "GER"]
[SourceTitle "CBM 099 Extra"]
[Source "ChessBase"]
[SourceDate "2004.05.04"]
[SourceVersion "1"]
[SourceVersionDate "2004.05.04"]
[SourceQuality "1"]
[WhiteTeam "Oranje"]
[BlackTeam "DB/BSW"]
[WhiteTeamCountry "NED"]
[BlackTeamCountry "GER"]

1. Nf3 f5 2. d3 Nf6 3. Bg5 d6 4. Nc3 c6 5. e4 e5 6. exf5 Bxf5 7. Nh4 Be6 8. Be2 Be7 9. 0-0 0-0 10. Qd2 Nd5 11. Bxe7 Qxe7 12. Nxd5 Bxd5 13. Nf3 c5 14. c3 Nc6 15. b3 Rf5 16. Qe3 Raf8 17. Nd2 Qg5 18. Ne4 Qg6 19. f3 Ne7 20. Kh1 Bc6 21. Qf2 b6 22. Qg3 Qh6 1/2-1/2

[Event "EU-chT Seniors 06th"]
[Site "Dresden"]
[Date "2004.02.25"]
[Round "4.3"]
[White "Kleinwaechter, Matthias"]
[Black "Harzer, Paul"]
[Result "0-1"]
[WhiteElo "2045"]
[BlackElo "2118"]
[PlyCount "80"]
[EventDate "2004.02.22"]
[EventType "team-swiss"]
[EventRounds "7"]
[EventCountry "GER"]
[SourceTitle "CBM 099 Extra"]
[Source "ChessBase"]
[SourceDate "2004.05.04"]
[SourceVersion "1"]
[SourceVersionDate "2004.05.04"]
[SourceQuality "1"]
[WhiteTeam "Koblenz Mattadore"]
[BlackTeam "DB/BSW"]
[WhiteTeamCountry "GER"]
[BlackTeamCountry "GER"]

1. e4 d5 2. exd5 Nf6 3. d4 Bg4 4. Be2 Bxe2 5. Qxe2 Qxd5 6. Nf3 e6 7. 0-0 Be7 8. c4 Qf5 9. Nc3 0-0 10. h3 Nc6 11. Be3 Rfe8 12. Rfd1 Rad8 13. a3 a6 14. b4 Ne4 15. Nxe4 Qxe4 16. Qd3 Qxd3 17. Rxd3 Bf6 18. Rad1 Ne7 19. g4 g6 20. Bg5 Bxg5 21. Nxg5 b5 22. Ne4 bxc4 23. Nf6+ Kf8 24. R3d2 Nd5 25. Nxe8 Kxe8 26. Rc2 c3 27. Rd3 Kd7 28. Rdxc3 Nxc3 29. Rxc3 Rb8 30. Rc5 Rb5 31. Kf1 Rxc5 32. dxc5 Kc6 33. Ke2 Kb5 34. Kd3 Ka4 35. g5 Kxa3 36. Kc4 c6 37. f4 Kb2 38. h4 Kc2 39. b5 axb5+ 40. Kb4 Kd3 0-1

[Event "EU-chT Seniors 05th"]
[Site "Dresden"]
[Date "2003.03.01"]
[Round "7.3"]
[White "Reuben, Stewart"]
[Black "Harzer, Paul"]
[Result "1/2-1/2"]
[WhiteElo "2161"]
[BlackElo "2027"]
[PlyCount "43"]
[EventDate "2003.02.23"]
[EventType "team-swiss"]
[EventRounds "7"]
[EventCountry "GER"]
[SourceTitle "EXT 2005"]
[Source "ChessBase"]
[SourceDate "2004.11.15"]
[SourceVersion "1"]
[SourceVersionDate "2004.11.15"]
[SourceQuality "1"]

1. b3 d5 2. Bb2 Bf5 3. e3 Nf6 4. Nf3 Nbd7 5. Be2 e6 6. Nh4 Bg6 7. d3 c6 8. 0-0 Bd6 9. f4 Qb6 10. Qd2 0-0-0 11. c4 Rhg8 12. Nxg6 hxg6 13. Ba3 Bxa3 14. Nxa3 Rh8 15. b4 Rh6 16. Rac1 Rdh8 17. h3 Nh5 18. Bxh5 Rxh5 19. c5 Qd8 20. Nc2 e5 21. a4 Qh4 22. Qf2 1/2-1/2

[Event "EU-chT Seniors 05th"]
[Site "Dresden"]
[Date "2003.02.27"]
[Round "5.3"]
[White "Harzer, Paul"]
[Black "Vager, Boris"]
[Result "1/2-1/2"]
[WhiteElo "2027"]
[BlackElo "2262"]
[PlyCount "61"]
[EventDate "2003.02.23"]
[EventType "team-swiss"]
[EventRounds "7"]
[EventCountry "GER"]
[SourceTitle "EXT 2005"]
[Source "ChessBase"]
[SourceDate "2004.11.15"]
[SourceVersion "1"]
[SourceVersionDate "2004.11.15"]
[SourceQuality "1"]

1. d4 e6 2. Nf3 f5 3. g3 Nf6 4. Bg2 Be7 5. c4 d6 6. Nc3 0-0 7. 0-0 Qe8 8. Qc2 Qh5 9. b3 Nc6 10. Bb2 Bd7 11. Rad1 Rae8 12. a3 Bd8 13. d5 Ne5 14. Nxe5 dxe5 15. dxe6 Bxe6 16. Nd5 Bxd5 17. Bxd5+ Kh8 18. Bf3 Qh3 19. Bg2 Qh5 20. Bf3 Ng4 21. Bxg4 Qxg4 22. Rd5 Bf6 23. Kg2 f4 24. Qe4 c6 25. Rd3 Qc8 26. Rfd1 Rf7 27. f3 fxg3 28. hxg3 g6 29. Rd6 Qf5 30. Qxf5 gxf5 31. e4 1/2-1/2

[Event "EU-chT Seniors 04th"]
[Site "Dresden"]
[Date "2002.02.28"]
[Round "5.3"]
[White "Harzer, Paul"]
[Black "Kristiansen, Erling"]
[Result "1/2-1/2"]
[WhiteElo "2015"]
[BlackElo "2246"]
[PlyCount "36"]
[EventDate "2002.02.25"]
[EventType "team-swiss"]
[EventRounds "7"]
[EventCountry "GER"]
[SourceTitle "EXT 2005"]
[Source "ChessBase"]
[SourceDate "2004.11.15"]
[SourceVersion "1"]
[SourceVersionDate "2004.11.15"]
[SourceQuality "1"]

1. d4 Nf6 2. Nf3 e6 3. Bg5 d5 4. Nbd2 c5 5. e3 Nc6 6. c3 Be7 7. Bd3 0-0 8. Ne5 h6 9. h4 Nxe5 10. dxe5 Nd7 11. Bf4 f5 12. g4 c4 13. Bc2 Bxh4 14. gxf5 exf5 15. Qh5 Bg5 16. Nf3 Bxf4 17. exf4 Nc5 18. 0-0-0 Ne6 1/2-1/2